000 00347nam a2200145Ia 4500
008 191201s2001 xx 000 0 und d
082 _a620.3
_bSHM
100 _aSHARMA, C S
245 0 _aMechanical Vibrations Analysis
250 _a4th
260 _aN.Delhi
_bKhanna Publisher
_c2001
300 _a179
650 _aB.Tech(ME)
942 _2ddc
_cBK
999 _c1753
_d1753